00504 2200193 4500001002100000005001500021008004100036020002200077035001900099041000700118082000800125090001600133100001100149245003600160260005200196300002500248500001000273650002700283INLIS00000000000508520241224113032241224||||||||| | ||| |||| || |  a978-602-1656-53-2 0010-1224005085 aid0 a746 a746.2 YOH D0 aYohana00aDOMPET DAN TAS RAJUT INSFIRATIF aSurabayabTIARA AKSA PT TRUBUS AGRISARANAc2016 a64 HAL,; ILL,; 21 CM aCET 1 0aILMU SENI DAN OLAHRAGA